| 000 | 00528cam a2200205 4500 | ||
|---|---|---|---|
| 001 | ABS66400 | ||
| 008 | 030304n2003 000 0 eng u | ||
| 035 | _a(Sirsi) u121512 | ||
| 245 | _aFocus 2003: auctions | ||
| 260 | _c2003 | ||
| 490 |
_aEstates Gazette _v(0308) 22 February 2003, 87-95(5) |
||
| 590 | _aABS | ||
| 650 | _aAUCTION MARKET | ||
| 650 | _aAUCTION HOUSES | ||
| 650 | _aRESIDENTIAL MARKET | ||
| 650 | _aSALE AND LEASEBACK | ||
| 650 | _aINVESTMENT VEHICLES | ||
| 690 |
_aAuctioneering _96218 |
||
| 942 | _n0 | ||
| 999 |
_c72217 _d72217 |
||